| 000 | 00840cam a22002775a 4500 | ||
|---|---|---|---|
| 001 | 17411254 | ||
| 003 | PILC | ||
| 005 | 20150228083205.0 | ||
| 008 | 120801s2012 mau 000 0 eng | ||
| 010 | _a 2012945770 | ||
| 020 | _a9781285181417 (softcover : alk. paper) | ||
| 040 |
_aDLC _cDLC |
||
| 042 | _apcc | ||
| 050 |
_aTR 899 _b.C353 2013 |
||
| 100 | 1 | _aCastle, Bryan. | |
| 245 | 1 | 0 |
_aColor grading with media composer and symphony / _cBryan Castle; [edited by] Dan Gasparino. |
| 250 | _a1st ed. | ||
| 260 |
_aBoston, MA : _bCengage Learning, _c2013. |
||
| 263 | _a1209 | ||
| 300 |
_a338 pages : _bcolored illustrations ; _c24 cm. |
||
| 490 | 0 | _aAvid Official Guide | |
| 521 | _aMedia Arts | ||
| 906 |
_a0 _bibc _corignew _d2 _eepcn _f20 _gy-gencatlg |
||
| 942 |
_2lcc _cBK |
||
| 999 |
_c283648 _d283648 |
||